000 01125aab a2200205 i 4500
001 768714001
003 CO-MdFUSB
005 20250304160052.0
008 170812s1988 cr ||||| |||| 00| 0 spa d
040 _aCO-MdFUSB
_bspa
_cCO-MdFUSB
_dCO-MdFUSB
041 _aspa
100 1 _aZelaya, Hugo M.
_eautor
245 1 3 _aLa oración elemental
_c/ Hugo M. Zelaya
300 _aVolumen 1. Número 6 (1988), páginas 110-113
_c: 28 cm.
520 _aEl texto aborda la importancia de la oración en la vida cristiana, destacando que la verdadera práctica de la oración se basa en una relación personal con Dios. Es fundamental comprender que, para orar correctamente, es necesario tener una relación auténtica con Dios como Padre celestial, lo cual se logra a través del Espíritu Santo. La oración no es simplemente seguir fórmulas externas, sino que debe ser una expresión genuina del corazón que se aproxima a Dios con fe y humildad.
650 0 _aVida cristiana
_919
773 0 _tConquista Cristiana
_049446
_960365
_gVolumen 1. Número 6 (1988), páginas 110-113
_qPágina 110
942 _cANA
945 _aJTF-925
999 _c50376
_d50376